Pokémon - Les attaques de Roublenard - Statistiques

Statistiques générales
  • Ce quiz a été pris 15 fois
  • Le résultat moyen est 9 sur 13
Statistiques - réponses
Niveaux Types Noms des attaques % Correct
Départ Ténèbres Aiguisage
100%
Niveau 12 Ténèbres Aboiement
86%
Niveau 46 Ténèbres Tricherie
86%
Niveau 16 Ténèbres Assurance
71%
Départ Ténèbres Baston
71%
Niveau 22 Ténèbres Machination
71%
Départ Normal Mimi-Queue
71%
Niveau 34 Ténèbres Tranche-Nuit
71%
Départ Normal Vive-Attaque
71%
Départ Évolution Ténèbres Larcin
57%
Niveau 28 Ténèbres Coup Bas
43%
Niveau 52 Ténèbres Dernier Mot
43%
Niveau 40 Normal Plumo-Queue
14%
Aucun quiz correspondant
Distribution des résultats
% des personnes avec chaque résultat
Percentile par nombre de réponses
Votre historique - résultats
Vous n’avez pas pris ce quiz